书目信息 |
| 题名: |
朗诵艺术创造
|
|
| 作者: | 赵兵 , 王群 著 | |
| 分册: | ||
| 出版信息: | 上海 汉语大词典出版社 2001 |
|
| 页数: | 311页 | |
| 开本: | 20cm | |
| 丛书名: | ||
| 单 册: | ||
| 中图分类: | H119 | |
| 科图分类: | ||
| 主题词: | 汉语--朗诵方法 , 汉语--音韵学 | |
| 电子资源: | ||
| ISBN: | 7-5432-0557-2 | |
| 000 | 00598nam0 2200217 45 | |
| 001 | 0309282265 | |
| 005 | 20031219104119.2 | |
| 010 | @a7-5432-0557-2@dCNY16.00 | |
| 100 | @a20030928d2001 km y0chiy0120 ea | |
| 101 | 0 | @achi |
| 105 | @a z 000yy | |
| 200 | 1 | @a朗诵艺术创造@ALang Song Yi Shu Chuang Zao@f赵兵,王群著@FZhao Bing,Wang Qun Zhu |
| 210 | @a上海@c汉语大词典出版社@d2001 | |
| 215 | @a311页@d20cm | |
| 606 | 0 | @a汉语@x朗诵方法 |
| 606 | 0 | @a汉语@x音韵学 |
| 690 | @aH119@v4 | |
| 701 | @a赵兵@4著 | |
| 701 | 0 | @a王群@4著 |
| 801 | @aCN@bTSTC@c20030928 | |
| 905 | @b326531-532@dH119@e78@f2 | |
| 朗诵艺术创造/赵兵,王群著.-上海:汉语大词典出版社,2001 |
| 311页;20cm |
| ISBN 7-5432-0557-2:CNY16.00 |
| ● |
| 相关链接 |
|
|
|
|
正题名:朗诵艺术创造
索取号:H119/78
 
预约/预借
| 序号 | 登录号 | 条形码 | 馆藏地/架位号 | 状态 | 备注 |
| 1 | 0326531 | 203265313 | 第四借阅区/ [索取号:H119/78] | 在馆 | |
| 2 | 0326532 | 203265322 | 第二样本阅览室/ [索取号:H119/78] | 在馆 |